000 00932cam a2200229 i 4500
003 SA-RiAUC
005 20260119130747.0
008 260113s1888 ua o g 000 0 ara c
040 _aSA-JeALM
_bara
_cSA-RiAUC
_erda
082 0 4 _a240
090 _aم ن 240
_bع ب د ح
100 1 _aعبد الحميد قدس، عبد الحميد بن محمد علي قدس بن عبد القادر،
_d1280-1335 هجري
_eمؤلف.
245 1 0 _aإرشاد المهتدي إلى شرح كفاية المبتدي /
_cعبد الحميد بن محمد علي قدسي.
264 1 _aالقاهرة :
_bالمطبعة المحمدية،
_c[1905]
300 _a151 صفحة :
_bصور
336 _aنص
_btxt
_2rdacontent
_3كتاب
337 _aبدون وسيط
_bn
_2rdamedia
338 _aمجلد
_bnc
_2rdacarrier
650 7 _aعلم الكلام
_2aucsh
942 _2ddc
_cRBOOK COPY
_n0
949 _aSA-JeALM
_d260113
_umohamedma123
_n1
999 _c14103
_d14103